| 000 | 00388nam a22001577a 4500 | ||
|---|---|---|---|
| 999 |
_c9259 _d9259 |
||
| 003 | OSt | ||
| 008 | 201119b ||||| |||| 00| 0 eng d | ||
| 020 | _a9789351382966 | ||
| 100 | _aGhatak, Ajoy and Lokanathan, S. | ||
| 245 | _aQuantum Mechanics | ||
| 250 | _a6th Ed. | ||
| 260 |
_aNew Delhi _bLaxmi Publications _c2020 |
||
| 300 | _aMisc | ||
| 650 | _aB.Sc Non Medical | ||
| 942 |
_2ddc _cBK |
||